| 000 | 00501nam a22002057a 4500 | ||
|---|---|---|---|
| 001 | 25484 | ||
| 005 | 20260424081358.0 | ||
| 008 | 260424b |||||||| |||| 00| 0 spa d | ||
| 041 | _aESP | ||
| 082 |
_a985.2 _bM29 |
||
| 100 | _aMauricio, Ana Cecilia | ||
| 245 |
_aHuaca 20 : _bun sitio lima en el antiguo complejo maranga |
||
| 260 |
_a : _b , _c2015 |
||
| 300 |
_a248 páginas : _b ; _c26 cm. |
||
| 440 | _a ; | ||
| 650 | _aHIS | ||
| 654 | _aCHU | ||
| 700 | _a; | ||
| 942 |
_cLIB _dJUS _fJUS _n0 _2ddc |
||
| 999 |
_c25484 _d25484 |
||